Name a valid 90s Number One (UK) - Statistics

General Stats
  • This quiz has been taken 28 times
  • The average score is 3 of 10
Answer Stats
Requirements Answer % Correct
By Oasis or Blur Some Might Say/Country House/Don't Look Back In Anger/Beetlebum/D'you Know What I Mean?/All Around The World
86%
The best-selling of its year Unchained Melody/I Do It For You/I Will Always Love You/I'd Do Anything For Love/Love Is All Around/White Cliffs Of Dover/Killing Me Softly/Something About The Way You Look Tonight/Candle In The Wind 97/Believe/Baby One More Time
59%
By a former member of Take That Forever Love/Love Won't Wait/Millennium/She's The One/It's Only Us
41%
Eponymous Mr Blobby/Doop
27%
Released for Comic Relief The Stonk/The Smile Song/Love Can Build A Bridge/Mama/Who Do You Think You Are?/When The Going Gets Tough
27%
Reached Number One after a remix by Norman Cook Brimful Of Asha
23%
Artist also had a Number One in the 60s Unchained Melody/Saviour's Day/The Shoop Shoop Song/Love Can Build A Bridge/Believe/Millennium Prayer
23%
Four letters long (including brackets) Stay/Pray/Babe/Doop/Sure
18%
Song title contains a number (not in letters or referencing year of release) Nothing Compares 2 U/Sadeness Part 1/3AM Eternal/2 Become 1/9PM/Mambo No. 5
9%
Didn't reach Number One within its first two weeks after 1995 Return Of The Mack/Ooh Aah... Just A Little Bit/Breakfast At Tiffany's/I Believe I Can Fly/Never Ever/Feel It/Heartbeat/Tragedy
9%
No matching quizzes found
Score Distribution
Percent of People with Each Score
Percentile by Number Answered
Your Score History
You have not taken this quiz